00396nam a2200133Ia 4500008004100000024001500041082001900056100002100075245006400096260002600160600002100186650003800207999001700245260210s9999 xx 000 0 und d a10B-060-BS a004.398072 OBA aObaid Ullah Khan 0aElectronic Self-Assessment Report (ESAR Faculty Evaluation) aKarachi:bUITU,c2010 aComputer Science aBachelor of Computer Science (BS) c32404d32404